Dettagli MARC
| 000 -LEADER |
| fixed length control field |
01569nam a2200397 a 4500 |
| 001 - CONTROL NUMBER |
| control field |
000000427603 |
| 003 - CONTROL NUMBER IDENTIFIER |
| control field |
IT-MiSPE |
| 005 - DATE AND TIME OF LATEST TRANSACTION |
| control field |
20180505175356.0 |
| 008 - FIXED-LENGTH DATA ELEMENTS--GENERAL INFORMATION |
| fixed length control field |
170307s2017 it 001 u ita d |
| 020 ## - INTERNATIONAL STANDARD BOOK NUMBER |
| International Standard Book Number |
9788831548434 |
| 040 ## - CATALOGING SOURCE |
| Original cataloging agency |
IT-MiSPE |
| Language of cataloging |
ita |
| Modifying agency |
fb |
| Transcribing agency |
IT-MiSPE |
| 082 ## - DEWEY DECIMAL CLASSIFICATION NUMBER |
| Classification number |
242.1-LUT ma va (23119) |
| 100 1# - MAIN ENTRY--PERSONAL NAME |
| Personal name |
Luther, Martin, |
| Dates associated with a name |
1483-1546, |
| Relator term |
autore. |
| 9 (RLIN) |
56990 |
| 240 10 - UNIFORM TITLE |
| Uniform title |
Sermon von der Bereitung zum Sterben. |
| Language of a work |
Italiano |
| 245 10 - TITLE STATEMENT |
| Title |
Varcare con Cristo l'ultima soglia : |
| Remainder of title |
l'arte del "ben morire" tra Riforma e Umanesimo / |
| Statement of responsibility, etc. |
Lutero, Erasmo ; introduzione, traduzione e note di Stefano Cavallotto. |
| 260 ## - PUBLICATION, DISTRIBUTION, ETC. (IMPRINT) |
| Place of publication, distribution, etc. |
Milano : |
| Name of publisher, distributor, etc. |
Edizioni Paoline, |
| Date of publication, distribution, etc. |
©2017. |
| 300 ## - PHYSICAL DESCRIPTION |
| Extent |
252 p. ; |
| Dimensions |
20 cm |
| 490 1# - SERIES STATEMENT |
| Series statement |
Letture cristiane del secondo millennio ; |
| Volume/sequential designation |
057 |
| 504 ## - BIBLIOGRAPHY, ETC. NOTE |
| Bibliography, etc |
Bibliografia (p. [75]-99) e indici |
| 655 #7 - INDEX TERM--GENRE/FORM |
| Genre/form data or focus term |
Luteranesimo |
| General subdivision |
Luther, Martin, 1483-1546: opere. |
| Source of term |
local |
| 9 (RLIN) |
56991 |
| 655 #7 - INDEX TERM--GENRE/FORM |
| Genre/form data or focus term |
Umanesimo |
| General subdivision |
Erasmus, Desiderius (ca.1469-1536) |
| Source of term |
local |
| 9 (RLIN) |
56992 |
| 655 #7 - INDEX TERM--GENRE/FORM |
| Genre/form data or focus term |
Teologia dogmatica. Escatologia |
| General subdivision |
Morte. |
| Source of term |
local |
| 9 (RLIN) |
56993 |
| 700 1# - ADDED ENTRY--PERSONAL NAME |
| Personal name |
Erasmus, Desiderius, |
| Dates associated with a name |
ca.1469-1536, |
| Relator term |
autore. |
| 9 (RLIN) |
56994 |
| 700 1# - ADDED ENTRY--PERSONAL NAME |
| Personal name |
Cavallotto, Stefano, |
| Relator term |
curatore. |
| 9 (RLIN) |
56995 |
| 730 0# - ADDED ENTRY--UNIFORM TITLE |
| Uniform title |
De praeparatione ad mortem. |
| Language of a work |
Italiano. |
| 9 (RLIN) |
56996 |
| 830 #0 - SERIES ADDED ENTRY--UNIFORM TITLE |
| Uniform title |
Letture cristiane del secondo millennio ; |
| Volume number/sequential designation |
057. |
| 9 (RLIN) |
56997 |
| 942 ## - ADDED ENTRY ELEMENTS (KOHA) |
| Source of classification or shelving scheme |
Dewey Decimal Classification |
| Koha item type |
LIBRO |
| 990 10 - EQUIVALENCES OR CROSS-REFERENCES [LOCAL, CANADA] |
| Link information for 9XX fields |
90001a |
| Link information for field corresponding to 9XX field |
70001ade |
| 990 10 - EQUIVALENCES OR CROSS-REFERENCES [LOCAL, CANADA] |
| Link information for 9XX fields |
90002a |
| Link information for field corresponding to 9XX field |
10001ade |
| 990 10 - EQUIVALENCES OR CROSS-REFERENCES [LOCAL, CANADA] |
| Link information for 9XX fields |
90003a |
| Link information for field corresponding to 9XX field |
10001ade |